Statistics for NCAAF Team Colors: Conference USA

Click here to take the quiz!

General Stats

  • This quiz has been taken 19 times
  • The average score is 9 of 11

Answer Stats

Answer% Correct
Charlotte
100%
North Texas
100%
Florida Atlantic
90%
Florida International
90%
Middle Tennessee
90%
UTEP
80%
UTSA
80%
Louisiana Tech
70%
Rice
70%
Western Kentucky
70%
UAB
60%

Score Distribution

Percentile by Number Answered

Percent of People with Each Score

Your Score History

You have not taken this quiz